000 01052nam a2200289 i 4500
003 EG-GICUC
005 20260121101526.0
008 251220s1957 fr ||||fr|||| 000 0 fre d
040 _aEG-GiCUC
_bfre
_cEG-GiCUC
_dEG-GiCUC
_eRda
041 _afre
082 0 4 _221
_a341.83044
_bDA . E
092 0 4 _221
099 _aLaw1 12 341.83044 DA . E 1957
100 1 _aDairaines, Serge,
_eAuteur
245 1 4 _aLes Étrangers Et Les Sociétés Étrangères en France :
_bStatut Juridique, Fiscal Et Social Immunités /
_cSerge Dairaines.
264 1 _aParis :
_bÉditions de Villefort,
_c1957.
300 _avi, 365 pages ;
_c24 cm .
336 _2rda contenu
_a texte
337 _2rda medias
_aOrdinateur
338 _2 transporteur rda
_a Ressource en ligne
504 _aInclude Bibliography: pages 327-336 And Bibliographic references
546 _aTexte en français
650 1 4 _aÉtrangers
_xDroit international privé
_zFrance
856 4 0 _uhttps://fll.law.cu.edu.eg/fulltext/bks/B12-01671.pdf
905 _a75
_eYara
942 _2ddc
_n0
_cBK
_e21
999 _c51800
_d51800